Proyecto de reforma del Código de comercio en lo relativo a suspensiones de pagos y título adicional a la Ley de Enjuiciamiento Civil : (Record no. 166847)

MARC details
000 -LEADER
campo de control de longitud fija 00782nam a2200181 i 4500
001 - NÚMERO DE CONTROL
campo de control 166847
003 - IDENTIFICADOR DE NÚMERO DE CONTROL
campo de control ES-MaACL
005 - FECHA Y HORA DE LA ÚLTIMA TRANSACCIÓN
campo de control 20250903063110.0
008 - DATOS DE LONGITUD FIJA--INFORMACIÓN GENERAL
campo de control de longitud fija 960320s1894 sp |||| | spa d
040 ## - FUENTE DE CATALOGACIÓN
Centro catalogador/agencia de origen CLM
Lengua de catalogación spa
Centro/agencia transcriptor CCPB | SIC
100 1# - ENTRADA PRINCIPAL--NOMBRE DE PERSONA
Nombre de persona Val y Giménez, Mariano de
Término indicativo de función/relación Autor
9 (RLIN) 133487
245 10 - MENCIÓN DEL TÍTULO
Título Proyecto de reforma del Código de comercio en lo relativo a suspensiones de pagos y título adicional a la Ley de Enjuiciamiento Civil :
Resto del título estableciendo el procedimiento adecuado para las mismas /
Mención de responsabilidad, etc. Mariano de Val y Giménez
260 ## - PUBLICACIÓN, DISTRIBUCIÓN, ETC.
Lugar de publicación, distribución, etc. Madrid :
Nombre del editor, distribuidor, etc. [s.n.],
Fecha de publicación, distribución, etc. 1894
Fabricante (R. Velasco, impresor)
300 ## - DESCRIPCIÓN FÍSICA
Extensión 34 páginas ;
Dimensiones 23 cm
852 ## - LOCALIZACIÓN
Ubicación ES-MaACL
Número de control de estantería T-1265-F-4
Nota libre -- Enc. hol.
-- -- Donativo Bosch
-- -- Enc. en un vol. facticio
942 ## - ELEMENTOS DE ENTRADA SECUNDARIOS (KOHA)
Fuente del sistema de clasificación o colocación Clasificación decimal universal
Holdings
Estatus retirado Estado de pérdida Estado de daño No para préstamo Colección Biblioteca de origen Biblioteca actual Ubicación en estantería Fecha de adquisición Total de préstamos Signatura topográfica completa Código de barras Visto por última vez Precio de reemplazo Tipo de ítem Koha
        Colección de folletos Biblioteca del Ateneo de Madrid Biblioteca del Ateneo de Madrid Depósito folletos 17/01/2008   T-1265-F-4 1175013 23/02/2023 23/02/2023 Folleto